| 000 | 00480nam a2200169Ia 4500 | ||
|---|---|---|---|
| 003 | GCL | ||
| 008 | 140319s9999 xx 000 0 eng d | ||
| 040 |
_aGCL / _cGCL |
||
| 082 | 0 | 4 |
_a618.9289 _bW D |
| 100 | 1 | _aWENAR, CHARLES | |
| 245 | 1 | 0 |
_aDEVELOPMENTAL PSYCHOPATHOLOGY: FROM INFANCY THROUGH ADOLESCENCE / _cWENAR, CHARLES |
| 260 |
_a[S.N] : _bMC GRAW - HILL ، _c1994 |
||
| 300 | _a588 P | ||
| 650 | 0 | 4 | _aCHILD PSYCHOLOGY |
| 650 | 0 | 4 | _aADOLESCENT PSYCHOLOGY |
| 942 |
_2ddc _cBK |
||
| 999 |
_c23855 _d23855 |
||